[Event "Hessen-ch U17 Open"]
[Site "Bad Homburg"]
[Date "2013.03.27"]
[Round "4"]
[White "Kirschner, Philipp"]
[Black "Kornilov, Alexander"]
[Result "1/2-1/2"]
[WhiteElo "868"]
[BlackElo "1168"]
[PlyCount "45"]
[EventDate "2013.03.??"]
[EventType "swiss"]
[EventRounds "7"]
[EventCountry "GER"]
[SourceTitle "EXT 2014"]
[Source "ChessBase"]
[SourceDate "2013.11.20"]
[SourceVersion "1"]
[SourceVersionDate "2013.11.20"]
[SourceQuality "1"]

1. e4 e5 2. Bc4 Nc6 3. Nf3 Bc5 4. Nc3 h6 5. 0-0 Nf6 6. d3 d6 7. h3 Bd7 8. Nd5 Nxd5 9. Bxd5 Qc8 10. Nh2 Ne7 11. Qf3 Nxd5 12. exd5 c6 13. dxc6 Qxc6 14. Qg3 g5 15. c3 f5 16. Qf3 Qxf3 17. Nxf3 0-0-0 18. b4 Bb6 19. Be3 Bxe3 20. fxe3 Rdf8 21. Nd2 b5 22. c4 a6 23. Rac1 1/2-1/2

[Event "Hessen-ch U17 Open"]
[Site "Bad Homburg"]
[Date "2013.03.25"]
[Round "2"]
[White "Kirschner, Philipp"]
[Black "Lehrer, Simon"]
[Result "1-0"]
[WhiteElo "868"]
[BlackElo "1122"]
[PlyCount "51"]
[EventDate "2013.03.??"]
[EventType "swiss"]
[EventRounds "7"]
[EventCountry "GER"]
[SourceTitle "EXT 2014"]
[Source "ChessBase"]
[SourceDate "2013.11.20"]
[SourceVersion "1"]
[SourceVersionDate "2013.11.20"]
[SourceQuality "1"]

1. e4 e5 2. Bc4 Nf6 3. d4 exd4 4. Nf3 Nc6 5. Nxd4 Nxd4 6. Qxd4 b6 7. Bg5 Be7 8. 0-0 c5 9. Qe5 Bb7 10. Bxf6 gxf6 11. Qh5 Rf8 12. Qxh7 a6 13. Nc3 b5 14. Bd5 Bxd5 15. Nxd5 d6 16. h4 Kd7 17. Qf5+ Kc6 18. a4 Rh8 19. axb5+ axb5 20. Nxe7+ Qxe7 21. Rxa8 Rxa8 22. Qd5+ Kc7 23. Qxa8 Qe5 24. Ra1 Kd7 25. Ra7+ Ke6 26. Qe8# 1-0

[Event "Hessen-ch U17 Open"]
[Site "Bad Homburg"]
[Date "2013.??.??"]
[Round "6"]
[White "Reidl, Jorit"]
[Black "Kirschner, Philipp"]
[Result "1-0"]
[WhiteElo "1117"]
[BlackElo "868"]
[PlyCount "33"]
[EventDate "2013.03.??"]
[EventType "swiss"]
[EventRounds "7"]
[EventCountry "GER"]
[SourceTitle "EXT 2014"]
[Source "ChessBase"]
[SourceDate "2013.11.20"]
[SourceVersion "1"]
[SourceVersionDate "2013.11.20"]
[SourceQuality "1"]

1. e4 e5 2. Nf3 Nc6 3. d4 exd4 4. Nxd4 Nxd4 5. Qxd4 Qf6 6. e5 Qg6 7. Nc3 c6 8. Bf4 f6 9. e6 d5 10. Bd3 Qg4 11. b3 Qxe6+ 12. Be2 b6 13. 0-0-0 Bc5 14. Qa4 Bd7 15. Rhe1 Ne7 16. Bh5+ g6 17. Rxe6 1-0

[Event "Hessen-ch U12"]
[Site "Bad Homburg"]
[Date "2012.??.??"]
[Round "9"]
[White "Kirschner, Philipp"]
[Black "Fassmann, Tim"]
[Result "0-1"]
[WhiteElo "783"]
[BlackElo "856"]
[PlyCount "176"]
[EventDate "2012.04.??"]
[EventType "swiss"]
[EventRounds "9"]
[EventCountry "GER"]
[SourceTitle "EXT 2015"]
[Source "ChessBase"]
[SourceDate "2014.11.20"]
[SourceVersion "1"]
[SourceVersionDate "2014.11.20"]
[SourceQuality "1"]

1. e4 e5 2. Nf3 Nc6 3. Bc4 Bb4 4. Nc3 d6 5. a3 Ba5 6. b4 Bb6 7. Bb2 Nf6 8. 0-0 0-0 9. Na4 Bg4 10. h3 Bh5 11. Nxb6 axb6 12. Be2 Nxe4 13. d3 Nf6 14. b5 Ne7 15. d4 e4 16. Nh2 Bxe2 17. Qxe2 Ned5 18. c4 Nf4 19. Qe3 Nd3 20. Bc3 d5 21. c5 Qd7 22. a4 Rfd8 23. f3 bxc5 24. dxc5 d4 25. c6 Qd6 26. Bxd4 Qxd4 27. Qxd4 Rxd4 28. fxe4 bxc6 29. bxc6 Rxe4 30. Rfd1 Ne5 31. a5 h6 32. a6 Nxc6 33. Rdc1 Re6 34. a7 Ne8 35. Ng4 Rxa7 36. Rxa7 Nxa7 37. Nf2 c6 38. Nd3 Re7 39. Nb4 Rc7 40. Na6 Rc8 41. Nc5 Nc7 42. Nb7 Ne6 43. Nd6 Rc7 44. Ne4 c5 45. Nd2 Nc6 46. Nf3 Na5 47. Ra1 Nb3 48. Rb1 c4 49. Kf2 c3 50. Ne1 Ned4 51. Ke3 c2 52. Nxc2 Rxc2 53. g4 Rh2 54. Kd3 Rxh3+ 55. Kc4 Rg3 56. Rd1 Rxg4 57. Kc3 h5 58. Rh1 h4 59. Kb4 f5 60. Kc4 f4 61. Kd3 f3 62. Ke3 g5 63. Kf2 Nc5 64. Ke3 Ncb3 65. Kf2 Rg2+ 66. Ke3 Kg7 67. Rf1 Kh6 68. Rh1 Kh5 69. Rf1 h3 70. Rh1 g4 71. Rf1 Kh4 72. Rh1 Kg3 73. Rf1 h2 74. Rh1 Rg1 75. Rxg1+ hxg1Q+ 76. Ke4 Nf5 77. Ke5 Qd4+ 78. Kxf5 f2 79. Ke6 Nc1 80. Kf5 f1R+ 81. Kg5 Qf4+ 82. Kg6 Qf5+ 83. Kg7 Qa5 84. Kg6 Rd1 85. Kf6 Rd6+ 86. Ke7 Rb6 87. Kd7 Qa7+ 88. Kc8 Rb8# 0-1

[Event "Hessen-ch U12"]
[Site "Bad Homburg"]
[Date "2012.??.??"]
[Round "1"]
[White "Thomsen, Phil"]
[Black "Kirschner, Philipp"]
[Result "1-0"]
[WhiteElo "1084"]
[BlackElo "783"]
[PlyCount "85"]
[EventDate "2012.04.??"]
[EventType "swiss"]
[EventRounds "9"]
[EventCountry "GER"]
[SourceTitle "EXT 2015"]
[Source "ChessBase"]
[SourceDate "2014.11.20"]
[SourceVersion "1"]
[SourceVersionDate "2014.11.20"]
[SourceQuality "1"]

1. c4 e5 2. g3 Nc6 3. Bg2 d6 4. Nc3 Nf6 5. h3 Be6 6. b3 Be7 7. e3 0-0 8. Nge2 d5 9. cxd5 Nxd5 10. d4 Nxc3 11. Nxc3 exd4 12. Bxc6 dxc3 13. Qxd8 Raxd8 14. Bxb7 c2 15. Ke2 Bf6 16. Ba3 Bxa1 17. Bxf8 Kxf8 18. Rxa1 Rd1 19. Rxd1 cxd1Q+ 20. Kxd1 Bxh3 21. Kd2 Ke7 22. Kd3 c5 23. Kc4 Kd6 24. f3 Bg2 25. e4 g6 26. f4 f5 27. e5+ Kd7 28. Bxg2 h6 29. Kxc5 g5 30. fxg5 hxg5 31. Kd5 Ke7 32. e6 f4 33. gxf4 gxf4 34. b4 a6 35. a4 Kf6 36. Kd6 Kg5 37. e7 Kg4 38. e8Q Kg3 39. Qg6+ Kf2 40. Qe4 Kg1 41. Qf3 Kh2 42. Bh3 Kg1 43. Qg2# 1-0